• 首页
  • 本馆介绍
  • 公告通知
  • 最新文献
  • 馆藏检索
  • 电子资源
  • 读者导购
  • 参考咨询
  • 我的图书馆
  • 登录
  • 详细信息显示
  • 放入我的书架
  • 预约/预借图书
  • 作者相关作品
  • 分类相关作品
  • 丛书相关作品
  • 出版社相关作品

书目信息

  • 表格格式
  • 工作单格式
  • 卡片格式
题名:
说什么 怎么说
    
 
作者: 郭小聪 著
分册:  
出版信息: 重庆   重庆大学出版社  2017
页数: 574页
开本: 21cm
丛书名:
单 册:
中图分类: H0-53 , I267.1
科图分类:
主题词: 话语语言学--文集 , 随笔--作品集--中国--当代
电子资源:
ISBN: 978-7-5624-9943-5
000 01120nam0 2200241 450
001 114
005 20180519110517.75
010    @a978-7-5624-9943-5@b精装@dCNY58.00
100    @a20170905d2017 em y0chiy50 ea
101 0  @achi
102    @aCN@b500000
105    @ay z 000yy
200 1  @a说什么 怎么说@9shuo shen me zen me shuo@f郭小聪著
210    @a重庆@c重庆大学出版社@d2017
215    @a574页@d21cm
330    @a本书是一本语言学随笔集。书中凝聚了作者对现代汉语表达问题的独到感悟和认识,堪为一部集多年写作尝试和理论探索为一体的心血之作。郭小聪是原国际关系学院文化与传播系主任。他认为,内在思维受制于思维形式,说什么有赖于怎么说。作者通过长期的写作实践,来摸索和验证自己的观点及看法。《说什么怎么说》以34万字的篇幅,论及“善待语言”以及他始终强调的“作者形象”等问题,并特别指出,目前艺术类散文和实用性文体的分法不利于现代汉语表达水平的普遍提高,并称,没有角度就没有文章,没有分寸感就没有好文章。
606 0  @a话语语言学@j文集
606 0  @a随笔@x作品集@y中国@z当代
690    @aH0-53@v5
690    @aI267.1@v5
701  0 @a郭小聪@9guo xiao cong@4著
801  0 @aCN@b91MARC@c20170905
905    @aMuseLib@dH0-53@e267
    
    说什么 怎么说/郭小聪著.-重庆:重庆大学出版社,2017
    574页;21cm
    
    
    ISBN 978-7-5624-9943-5(精装):CNY58.00
    本书是一本语言学随笔集。书中凝聚了作者对现代汉语表达问题的独到感悟和认识,堪为一部集多年写作尝试和理论探索为一体的心血之作。郭小聪是原国际关系学院文化与传播系主任。他认为,内在思维受制于思维形式,说什么有赖于怎么说。作者通过长期的写作实践,来摸索和验证自己的观点及看法。《说什么怎么说》以34万字的篇幅,论及“善待语言”以及他始终强调的“作者形象”等问题,并特别指出,目前艺术类散文和实用性文体的分法不利于现代汉语表达水平的普遍提高,并称,没有角度就没有文章,没有分寸感就没有好文章。
●
相关链接 在E读中查询图书 在五车中查询图书 在当当中查询图书 在豆瓣中查询图书


正题名:说什么 怎么说     索取号:H0-53/267         预约/预借

序号 登录号 条形码 馆藏地/架位号 状态 备注
1 1100610   211006105   第二样本阅览室/ [索取号:H0-53/267] 在馆    
2 1100611   211006114   教育系资料室/ [索取号:H0-53/267] 在馆    
3 1100612   211006123   教育系资料室/ [索取号:H0-53/267] 在馆    
4 1100613   211006132   教育系资料室/ [索取号:H0-53/267] 在馆    
5 1100614   211006141   第四借阅区/ [索取号:H0-53/267] 在馆    
6 1100615   211006150   第四借阅区/ [索取号:H0-53/267] 在馆    
唐山师范学院图书馆 欢迎您!
大连网信软件有限公司© 版权所有